[Event "POHÁR města Říčany 2022"]
[Site "Městské kulturní středisko U labutě"]
[Date "2022.09.01"]
[Round "7.1"]
[White "Vojta, Jakub"]
[Black "Soural, Jan"]
[Result "1/2-1/2"]
[WhiteElo "2313"]
[BlackElo "2144"]
[PlyCount "0"]
[EventDate "2022.08.27"]

1. e4 c5 2. Nf3 d6 3. d4 cxd4 4. Qxd4 Nc6 5. Bb5 Bd7 6. Bxc6 Bxc6 7. Nc3 Nf6
8. Bg5 e6 9. O-O-O Be7 10. Rhe1 O-O 11. Kb1 Re8 12. Qd2 h6 13. Bh4 Nxe4 14. Nxe4
Bxh4 15. Nxd6 Bxf3 16. gxf3 Rf8 17. Rg1 Bg5 18. f4 Be7 19. f5 Qxd6 20. Qxd6 Bxd6
21. Rxd6 exf5 22. Rxh6 Rfe8 23. Rh5 Re5 24. f4 Rd5 25. c4 Rd2 26. Rxf5 Re8
27. h4 Ree2 28. Rb5 b6 29. a4 Rd4 30. a5 Rxc4 31. axb6 axb6 32. f5 Rxh4 33. f6
g6 34. Rxb6 Rf2 35. Re1 g5 36. Re7 Rhf4 37. Rb8+ 1/2-1/2

[Event "POHÁR města Říčany 2022"]
[Site "Městské kulturní středisko U labutě"]
[Date "2022.09.01"]
[Round "7.2"]
[White "Dudek, Vojtech"]
[Black "Novotny, Michal"]
[Result "1/2-1/2"]
[WhiteElo "2144"]
[BlackElo "2241"]
[PlyCount "0"]
[EventDate "2022.08.27"]

1. e4 c6 2. d4 d5 3. exd5 cxd5 4. Bd3 Nc6 5. c3 Nf6 6. Bf4 Bg4 7. Qb3 e5
8. dxe5 Nh5 9. Be3 Nxe5 10. Bb5+ Nc6 11. Ne2 a6 12. Bd3 Ne5 13. Bc2 Be7 14. Nd2
O-O 15. Nd4 Bg5 16. O-O Bxe3 17. fxe3 Qg5 18. Rae1 Nf6 19. Bf5 b5 20. Qc2 Nc4
21. Nxc4 dxc4 22. e4 g6 23. e5 Bxf5 24. Nxf5 Ng4 25. Nd6 f6 26. Ne4 Qxe5
27. Nxf6+ Rxf6 28. Rxe5 Rxf1+ 29. Kxf1 Nxe5 30. Qe4 Rf8+ 31. Kg1 Nd3 32. Qe6+
Kg7 33. Qxa6 Rf5 34. b3 Nc1 35. Qa7+ Kg8 36. Qe3 Nxa2 37. bxc4 bxc4 38. Qd2 Nxc3
39. Qxc3 Rf7 40. Qxc4 Kg7 41. Qd4+ Kg8 42. Qe5 Rf5 43. Qe6+ Kg7 44. g4 Rf7
45. Qe5+ Kg8 46. Kg2 Rf8 47. Kg3 Rf7 48. Kh4 h6 49. Kg3 Kh7 50. Qe6 Kg7 51. Qe8
Rf8 52. Qe5+ Kg8 53. Kh4 Rf7 54. Qe8+ Kg7 55. Qe6 Rf8 56. Qe5+ Kg8 57. g5 hxg5+
58. Qxg5 Kg7 59. Qe5+ Kh6 60. Kg4 Ra8 61. Qg5+ Kh7 62. Qe7+ Kh6 63. Qe3+ Kh7
64. Qh3+ Kg7 65. Qc3+ Kh6 66. Qd2+ Kh7 67. Kg5 Ra7 68. Qc3 Rf7 69. Qh3+ Kg7
70. Qc3+ Kh7 71. Qh3+ Kg7 72. Qh6+ Kg8 73. Kg4 Rf8 74. h4 Rf7 75. h5 gxh5+
76. Qxh5 Kf8 1/2-1/2

[Event "POHÁR města Říčany 2022"]
[Site "Městské kulturní středisko U labutě"]
[Date "2022.09.01"]
[Round "7.3"]
[White "Krizek, Krystof"]
[Black "Horak, Martin"]
[Result "1/2-1/2"]
[WhiteElo "1961"]
[BlackElo "2238"]
[PlyCount "0"]
[EventDate "2022.08.27"]

1. d4 Nf6 2. c4 e6 3. Nf3 b6 4. g3 Bb7 5. Bg2 Be7 6. O-O O-O 7. d5 Na6 8. Nd4
Nc5 9. Nc3 a5 10. Re1 Re8 11. e4 e5 12. Nf5 d6 13. Be3 Bc8 14. Nxe7+ Qxe7 15. a3
Ng4 16. b4 axb4 17. axb4 Rxa1 18. Qxa1 Nd3 19. Rb1 Nxe3 20. fxe3 Qg5 21. Nd1 Bg4
22. Qc3 Bxd1 23. Qxd3 Bg4 24. Ra1 h5 25. Qd2 Rc8 26. Ra7 c6 27. h3 cxd5 28. hxg4
dxc4 29. Qc3 Qxg4 30. Kh2 g5 31. Bh3 Qe2+ 32. Kg1 g4 33. Bg2 h4 34. gxh4 g3
35. Ra1 Qf2+ 36. Kh1 Qf6 37. Bh3 Qf3+ 38. Bg2 Qf6 39. Bh3 Qf3+ 1/2-1/2

[Event "POHÁR města Říčany 2022"]
[Site "Městské kulturní středisko U labutě"]
[Date "2022.09.01"]
[Round "7.4"]
[White "Ocelak, Jakub"]
[Black "Bezdek, Tomas"]
[Result "1-0"]
[WhiteElo "2149"]
[BlackElo "2034"]
[PlyCount "0"]
[EventDate "2022.08.27"]

1. e4 c5 2. Nf3 d6 3. Bb5+ Bd7 4. c4 Bxb5 5. cxb5 a6 6. bxa6 Rxa6 7. d4 cxd4
8. Nxd4 g6 9. O-O Bg7 10. Be3 Nf6 11. Nc3 O-O 12. Qe2 Nc6 13. Rfd1 Qd7 14. f3
Ne8 15. Nb3 Qc8 16. Nd5 f5 17. exf5 Qxf5 18. Bf2 e6 19. Nc3 Be5 20. Bg3 Bxc3
21. bxc3 e5 22. Rd2 Na5 23. Rb2 Rf7 24. Rab1 Qe6 25. Nd2 Rc6 26. Ne4 h6 27. Rb5
Nc4 28. Rxb7 Rxb7 29. Rxb7 Qc8 30. Rb4 d5 31. Nd2 Nxd2 32. Qxd2 Qe6 33. Rb5 Nc7
34. Rb8+ Kh7 35. Qe3 e4 36. Rb7 1-0

[Event "POHÁR města Říčany 2022"]
[Site "Městské kulturní středisko U labutě"]
[Date "2022.09.01"]
[Round "7.5"]
[White "Taborsky, Rostislav"]
[Black "Elias, Jakub"]
[Result "1/2-1/2"]
[WhiteElo "2192"]
[BlackElo "1982"]
[PlyCount "0"]
[EventDate "2022.08.27"]

1. e4 c5 2. Nf3 e6 3. d3 Nc6 4. g3 Nf6 5. Bg2 d6 6. O-O Be7 7. Re1 Qc7 8. c3 b6
9. d4 cxd4 10. cxd4 d5 11. Bf4 Qd7 12. Nc3 Nxe4 13. Nxe4 dxe4 14. Ne5 Nxe5
15. Bxe5 O-O 16. Rc1 Bd6 17. Bxe4 Rb8 18. Qc2 h6 19. Bc6 Qe7 20. Qa4 a6 21. Red1
Rd8 22. a3 b5 23. Qa5 Bb7 24. Qb6 Bc8 25. Qa5 1/2-1/2

[Event "POHÁR města Říčany 2022"]
[Site "Městské kulturní středisko U labutě"]
[Date "2022.09.01"]
[Round "7.6"]
[White "Horak, Jan"]
[Black "Plasil, Petr"]
[Result "0-1"]
[WhiteElo "2155"]
[BlackElo "1963"]
[PlyCount "0"]
[EventDate "2022.08.27"]

1. e4 c5 2. Nc3 Nc6 3. f4 g6 4. Nf3 Bg7 5. g3 d6 6. Bg2 e6 7. O-O Nge7 8. d3
O-O 9. Be3 Rb8 10. a4 a6 11. Qd2 b5 12. axb5 axb5 13. d4 b4 14. Ne2 d5 15. e5 c4
16. g4 f5 17. exf6 Bxf6 18. Ne5 Bd7 19. Ng3 Bg7 20. h4 Qc7 21. h5 Nxe5 22. fxe5
c3 23. bxc3 Qxc3 24. h6 Qxd2 25. Bxd2 Rxf1+ 26. Bxf1 Bf8 27. Bd3 Nc6 28. Ne2 Be7
29. Be3 Bd8 30. Kf2 Bb6 31. Ra6 Na5 32. Bd2 Bc8 33. Bxb4 Bxa6 34. Bxa6 Bxd4+
35. Nxd4 Rxb4 36. Nxe6 Nc6 37. Nc7 Nxe5 38. Nxd5 Nxg4+ 39. Kg3 Rd4 40. Nf4 Nxh6
41. c4 Nf5+ 42. Kf3 Kf7 43. c5 Ne7 44. Ke3 Ra4 45. Bb5 Nf5+ 0-1

[Event "POHÁR města Říčany 2022"]
[Site "Městské kulturní středisko U labutě"]
[Date "2022.09.01"]
[Round "7.7"]
[White "Petrun, Milan"]
[Black "Skypala, Ondrej"]
[Result "0-1"]
[WhiteElo "1880"]
[BlackElo "2140"]
[PlyCount "0"]
[EventDate "2022.08.27"]

1. e4 e6 2. d4 d5 3. Nc3 Nf6 4. e5 Nfd7 5. f4 c5 6. Nf3 Nc6 7. Be3 a6 8. g3 b5
9. Bh3 g6 10. Ne2 b4 11. O-O a5 12. Rf2 Ba6 13. dxc5 Bxe2 14. Qxe2 Qc7 15. c4
bxc3 16. bxc3 Bxc5 17. Bxc5 Nxc5 18. Qe3 Na4 19. c4 dxc4 20. Qa3 Nb6 21. Qc5 Ra7
22. Ng5 Nb4 23. Qd4 Nd3 24. Ne4 Nxf2 25. Kxf2 Ke7 26. f5 gxf5 27. Nd6 Rd8
28. Qh4+ Kd7 29. Qd4 Kc6 30. Bg2+ Nd5 31. Qxc4+ Kd7 32. Bxd5 Qb6+ 33. Kf3 exd5
34. Qxd5 Qc6 35. Qxc6+ Kxc6 36. Rc1+ Kd5 37. Nxf5 Kxe5 38. Ne3 Ra6 39. Rc5+ Ke6
40. Rh5 f6 41. Rxh7 Rd2 42. a3 Rd3 43. g4 Rxa3 44. Kf4 Rb6 45. Rh8 Rb4+ 46. Kf3
Rbb3 47. Re8+ Kf7 48. Re4 a4 49. h4 Rxe3+ 50. Rxe3 Rxe3+ 0-1

[Event "POHÁR města Říčany 2022"]
[Site "Městské kulturní středisko U labutě"]
[Date "2022.09.01"]
[Round "7.9"]
[White "Novak, Jindrich"]
[Black "Davidek, Zdenek"]
[Result "1-0"]
[WhiteElo "2093"]
[BlackElo "1621"]
[PlyCount "0"]
[EventDate "2022.08.27"]

1. d4 Nf6 2. Nf3 d5 3. c4 e6 4. Nc3 Be7 5. Bg5 O-O 6. e3 Nbd7 7. Rc1 dxc4
8. Bxc4 a6 9. Bd3 c5 10. O-O b6 11. Qe2 Bb7 12. Rfd1 Nd5 13. Bxe7 Qxe7 14. Bb1
cxd4 15. Rxd4 Nxc3 16. Rxc3 e5 17. Rd1 Nc5 18. Rdc1 g6 19. b4 Ne6 20. a3 Qf6
21. Ba2 a5 22. Bxe6 Qxe6 23. Qc4 Bxf3 24. gxf3 Qh3 25. Qg4 Qxg4+ 26. fxg4 axb4
27. axb4 Ra4 28. Rb1 Rd8 29. Rc6 Rd2 30. Rxb6 Raa2 31. Rf6 Kg7 32. g5 h6 33. h4
Rdc2 34. b5 Rc4 35. b6 Ra8 36. b7 Rb8 37. Ra6 Rg4+ 38. Kh2 Rxh4+ 39. Kg3 hxg5
40. Rc6 Rhh8 41. Rc7 Rhe8 42. Rb6 Kf8 43. Rbc6 Rxb7 44. Rxb7 Kg7 45. Rcc7 Rf8
46. Kg4 Kh6 47. Rxf7 Rxf7 48. Rxf7 e4 49. Rf6 1-0

[Event "POHÁR města Říčany 2022"]
[Site "Městské kulturní středisko U labutě"]
[Date "2022.09.01"]
[Round "7.10"]
[White "Siles, Jan"]
[Black "Placer, Sebastian"]
[Result "1-0"]
[WhiteElo "1780"]
[BlackElo "2090"]
[PlyCount "0"]
[EventDate "2022.08.27"]

1. e4 e6 2. d3 d5 3. Nd2 Nf6 4. Ngf3 c5 5. g3 Nc6 6. Bg2 Be7 7. O-O O-O 8. Re1
Qc7 9. e5 Nd7 10. Qe2 b5 11. h4 Bb7 12. Nf1 Nd4 13. Nxd4 cxd4 14. Bg5 Bb4
15. Nd2 Qxc2 16. Rec1 Qa4 17. Rc7 Nc5 18. Qg4 Kh8 19. Bf6 gxf6 20. exf6 Rg8
21. Qh5 Rac8 22. Nf3 Qa5 23. Re7 Bd2 24. Ne5 Nd7 25. Rxd7 h6 26. Nxf7+ 1-0

[Event "POHÁR města Říčany 2022"]
[Site "Městské kulturní středisko U labutě"]
[Date "2022.09.01"]
[Round "7.11"]
[White "Maslo, Ondrej"]
[Black "Matras, Ondrej"]
[Result "0-1"]
[WhiteElo "1870"]
[BlackElo "2184"]
[PlyCount "0"]
[EventDate "2022.08.27"]

1. e4 e6 2. d4 d5 3. Nd2 a6 4. Ngf3 c5 5. c3 Nc6 6. Bd3 Nf6 7. O-O cxd4 8. cxd4
Qb6 9. e5 Nd7 10. Nb3 f6 11. exf6 Nxf6 12. Re1 Bd6 13. Ng5 O-O 14. Nxe6 Re8
15. Nec5 Bg4 16. Rxe8+ Rxe8 17. f3 Bh5 18. Bg5 Nxd4 19. Bxh7+ Nxh7 20. Qxd4 Nxg5
21. Qxd5+ Bf7 22. Qd4 Bxb3 0-1

[Event "POHÁR města Říčany 2022"]
[Site "Městské kulturní středisko U labutě"]
[Date "2022.09.01"]
[Round "7.12"]
[White "Sedy, Pavel"]
[Black "Cervenka, Petr"]
[Result "1-0"]
[WhiteElo "2177"]
[BlackElo "1928"]
[PlyCount "0"]
[EventDate "2022.08.27"]

1. e4 e6 2. Nc3 d5 3. Nf3 d4 4. Ne2 c5 5. c3 Nf6 6. e5 Nfd7 7. cxd4 cxd4
8. Nexd4 Nxe5 9. Bb5+ Nec6 10. O-O Be7 11. Nxc6 Nxc6 12. Ne5 Bd7 13. Nxd7 Qxd7
14. d4 O-O 15. Be3 a6 16. Ba4 Rfd8 17. d5 Qc7 18. Bb3 Qe5 19. Bb6 Rd7 20. Re1
Qxb2 21. Rb1 Qf6 22. Qg4 Ne5 23. Qe4 exd5 24. Qxe5 Qxb6 25. Ba4 Qh6 26. Bxd7 Bd6
27. Qxd5 Qxh2+ 28. Kf1 Bf8 29. Rb3 Rd8 30. Rh3 Qc7 31. Rd1 Bb4 32. Qe4 1-0

[Event "POHÁR města Říčany 2022"]
[Site "Městské kulturní středisko U labutě"]
[Date "2022.09.01"]
[Round "7.13"]
[White "Zemen, Pavel"]
[Black "Jun, Rudolf"]
[Result "0-1"]
[WhiteElo "1731"]
[BlackElo "2165"]
[PlyCount "0"]
[EventDate "2022.08.27"]

1. e4 c5 2. Nf3 Nc6 3. d4 cxd4 4. Nxd4 Nf6 5. Nc3 e5 6. Ndb5 d6 7. Na3 a6 8. f3
Be6 9. Bg5 b5 10. Bxf6 gxf6 11. Nd5 Bg7 12. c3 Ne7 13. Nxe7 Qxe7 14. Nc2 O-O
15. Qd2 Rac8 16. Rd1 Rfd8 17. Nb4 a5 18. Nd5 Bxd5 19. Qxd5 Rc5 20. Qd2 f5 21. b4
axb4 22. cxb4 Rcc8 23. Bxb5 Qh4+ 24. g3 Qh3 25. exf5 e4 26. Kf2 Qxf5 27. Be2
exf3 28. Bd3 Bd4+ 0-1

[Event "POHÁR města Říčany 2022"]
[Site "Městské kulturní středisko U labutě"]
[Date "2022.09.01"]
[Round "7.14"]
[White "Tichy, Tomas"]
[Black "Rousek, Jan"]
[Result "0-1"]
[WhiteElo "1535"]
[BlackElo "2040"]
[PlyCount "0"]
[EventDate "2022.08.27"]

1. e4 c5 2. Nf3 e6 3. Nc3 Nc6 4. Bb5 Nf6 5. O-O Be7 6. d4 cxd4 7. Nxd4 O-O
8. Be3 a6 9. Nxc6 bxc6 10. Ba4 Rb8 11. Bf4 Rb6 12. Re1 d5 13. Qf3 Nxe4 14. Nxe4
dxe4 15. Rxe4 Bb7 16. Ree1 c5 17. Qg3 Bh4 18. Qe3 Qd5 19. Qh3 Rb4 20. Bb3 Bxf2+
21. Kxf2 Rxf4+ 22. Kg1 c4 23. Ba4 c3 24. Bb3 Qd2 25. Rad1 Qf2+ 26. Kh1 Rh4 0-1

[Event "POHÁR města Říčany 2022"]
[Site "Městské kulturní středisko U labutě"]
[Date "2022.09.01"]
[Round "7.16"]
[White "Chernyy, Andrey"]
[Black "Seidl, Jan"]
[Result "1/2-1/2"]
[WhiteElo "1534"]
[BlackElo "1949"]
[PlyCount "0"]
[EventDate "2022.08.27"]

1. e4 c6 2. d4 d5 3. Nc3 dxe4 4. Nxe4 Nf6 5. Nxf6+ exf6 6. c3 Bd6 7. Bd3 O-O
8. Qc2 h5 9. Be3 Be6 10. Ne2 Re8 11. O-O h4 12. Nf4 Bxf4 13. Bxf4 h3 14. g3 Nd7
15. c4 Nf8 16. Be3 Qd7 17. Rad1 Ng6 18. Rfe1 f5 19. Qc1 a5 20. Bf1 f4 21. Bxf4
Bg4 22. Rxe8+ Rxe8 23. Rd3 Re4 24. Be3 Nh4 25. gxh4 Qf5 26. f4 Bh5 27. Bf2 Bg4
28. Bg3 Qd7 29. d5 Be2 30. Bxe2 Rxe2 31. Qd1 Qe7 32. Qf1 1/2-1/2

[Event "POHÁR města Říčany 2022"]
[Site "Městské kulturní středisko U labutě"]
[Date "2022.09.01"]
[Round "7.17"]
[White "Hlavacek, Ondrej"]
[Black "Yagiz, Bora"]
[Result "1/2-1/2"]
[WhiteElo "1831"]
[BlackElo "2154"]
[PlyCount "0"]
[EventDate "2022.08.27"]

1. Nf3 d5 2. d4 Nf6 3. e3 Bf5 4. c4 c6 5. Nc3 e6 6. Be2 h6 7. h3 Nbd7 8. Bd3
dxc4 9. Bxc4 Bd6 10. O-O O-O 11. b3 e5 12. d5 Qe7 13. dxc6 bxc6 14. e4 Nxe4
15. Nxe4 Bxe4 16. Bb2 Kh8 17. Qe2 Bd5 18. Rfe1 e4 19. Qd2 Nf6 20. Rad1 Rfd8
21. Qe3 Kh7 22. Nd4 Qc7 23. Nf5 Bh2+ 24. Kh1 Be5 25. Ba3 {D�le je partie
ne�iteln�} 1/2-1/2

[Event "POHÁR města Říčany 2022"]
[Site "Městské kulturní středisko U labutě"]
[Date "2022.09.01"]
[Round "7.18"]
[White "Skala, Jaromir"]
[Black "Simecek, Bohumil"]
[Result "1-0"]
[WhiteElo "1862"]
[BlackElo "2051"]
[PlyCount "0"]
[EventDate "2022.08.27"]

1. d4 Nf6 2. c4 g6 3. Nc3 Bg7 4. e4 d6 5. Nf3 O-O 6. Be2 e5 7. O-O Nc6 8. d5
Ne7 9. Ne1 Ne8 10. Be3 f5 11. f3 f4 12. Bf2 h5 13. b4 g5 14. c5 Rf6 15. a4 Rg6
16. h3 Nf6 17. Rc1 g4 18. fxg4 hxg4 19. hxg4 Nxg4 20. Bxg4 Bxg4 21. Qd3 a6
22. Nf3 Rh6 23. Bh4 Qe8 24. Bxe7 Qxe7 25. cxd6 cxd6 26. Kf2 Bf6 27. Rh1 Rxh1
28. Rxh1 Rc8 29. a5 Bd7 30. Ke2 Qg7 31. Ne1 Qg4+ 32. Kd2 Bh4 33. Qf3 Qg5 34. Kc2
Bg4 35. Qd3 Bf2 36. Kb3 Bd4 37. Ne2 Qg7 38. Nxd4 exd4 39. Qd2 Rc3+ 40. Ka2 Re3
41. Nf3 d3 42. Ka3 Re2 43. Qc1 Rc2 44. Qb1 Qc3+ 45. Qb3 Qxb3+ 46. Kxb3 Rxg2
47. Ne1 Rg3 48. Kc3 Be2 49. Rh6 Kf7 50. Rxd6 Re3 51. Rd7+ 1-0

[Event "POHÁR města Říčany 2022"]
[Site "Městské kulturní středisko U labutě"]
[Date "2022.09.01"]
[Round "7.19"]
[White "Koper, Stefan"]
[Black "Hejsek, Lukas"]
[Result "1/2-1/2"]
[WhiteElo "1823"]
[BlackElo "1994"]
[PlyCount "0"]
[EventDate "2022.08.27"]

1. d4 Nf6 2. c4 c5 3. d5 b5 4. cxb5 a6 5. bxa6 e6 6. Nc3 exd5 7. Nxd5 Nxd5
8. Qxd5 Nc6 9. Nf3 Be7 10. Ne5 O-O 11. Nxc6 dxc6 12. Qxd8 Rxd8 13. e4 Bf6 14. a3
c4 15. f4 Bxa6 16. e5 Be7 17. Bd2 1/2-1/2

[Event "POHÁR města Říčany 2022"]
[Site "Městské kulturní středisko U labutě"]
[Date "2022.09.01"]
[Round "7.20"]
[White "Horinek, Karel"]
[Black "Hampl, David"]
[Result "1-0"]
[WhiteElo "1946"]
[BlackElo "1639"]
[PlyCount "0"]
[EventDate "2022.08.27"]

1. e4 c6 2. d4 d5 3. f3 dxe4 4. fxe4 e5 5. Nf3 Bg4 6. Bc4 Be7 7. Bxf7+ Kxf7
8. Nxe5+ Ke8 9. Nxg4 Nd7 10. O-O Ngf6 11. e5 Nd5 12. Nc3 N7b6 13. Ne4 h5 14. Ne3
Nxe3 15. Bxe3 Nd5 16. Bf2 b5 17. a4 b4 18. c4 Nb6 19. Qd3 a5 20. Nd6+ Kd7
21. Nf7 Qb8 22. Nxh8 Qxh8 23. d5 Kc7 24. d6+ 1-0

[Event "POHÁR města Říčany 2022"]
[Site "Městské kulturní středisko U labutě"]
[Date "2022.09.01"]
[Round "7.21"]
[White "Pressler, Tobias"]
[Black "Vavrinec, Tomas"]
[Result "1-0"]
[WhiteElo "1821"]
[BlackElo "1911"]
[PlyCount "0"]
[EventDate "2022.08.27"]

1. d4 Nf6 2. Nf3 c5 3. d5 e6 4. Nc3 exd5 5. Nxd5 Nxd5 6. Qxd5 d6 7. Ng5 Qe7
8. Bf4 Nc6 9. c3 Qf6 10. Bg3 Ne5 11. Ne4 Qe6 12. O-O-O Qxd5 13. Rxd5 Be6
14. Nxd6+ Bxd6 15. Rxd6 Nc4 16. Rd1 O-O 17. b3 Nb6 18. e4 Rfc8 19. c4 Kf8
20. Be2 a6 21. Bd6+ Ke8 22. f4 f6 23. Bf3 Ra7 24. Rhe1 Kf7 25. g4 Bd7 26. e5
fxe5 27. Rxe5 1-0

[Event "POHÁR města Říčany 2022"]
[Site "Městské kulturní středisko U labutě"]
[Date "2022.09.01"]
[Round "7.22"]
[White "Voracek, Zdenek"]
[Black "Svetly, Jiri"]
[Result "1-0"]
[WhiteElo "1891"]
[BlackElo "1825"]
[PlyCount "0"]
[EventDate "2022.08.27"]

1. d4 Nf6 2. c4 g6 3. Nc3 Bg7 4. e4 d6 5. f3 O-O 6. Be3 e5 7. Nge2 Nc6 8. Qd2
a5 9. b3 Bd7 10. Rd1 b6 11. dxe5 Nxe5 12. Nd4 Nh5 13. Be2 f5 14. exf5 gxf5
15. Bg5 Bf6 16. f4 Ng4 17. O-O h6 18. Bxg4 fxg4 19. Bxh6 Re8 20. Nd5 c5 21. Nc2
Bf5 22. Nxf6+ Qxf6 23. Bg5 Qb2 24. Qd5+ Be6 25. Qd3 Bf7 26. Ne3 Rxe3 27. Qxe3
Re8 28. Qd2 Re2 29. Qxb2 Rxb2 30. Rf2 g3 31. Rxb2 1-0

[Event "POHÁR města Říčany 2022"]
[Site "Městské kulturní středisko U labutě"]
[Date "2022.09.01"]
[Round "7.23"]
[White "Benes, Jachym"]
[Black "Gacho, Ondrej"]
[Result "1-0"]
[WhiteElo "1876"]
[BlackElo "1517"]
[PlyCount "0"]
[EventDate "2022.08.27"]

1. d4 d5 2. c4 e6 3. Nc3 Nf6 4. Bg5 Be7 5. e3 Nbd7 6. Nf3 O-O 7. cxd5 exd5
8. Bd3 Re8 9. O-O c6 10. Qc2 Nf8 11. Rab1 a5 12. Na4 Ne4 13. Bxe7 Qxe7 14. Nb6
Rb8 15. a3 Ng6 16. Nd2 Bg4 17. Nb3 Ng5 18. Be2 Bxe2 19. Qxe2 Qc7 20. Na4 f5
21. Qh5 Re4 22. Qxg5 Rg4 23. Qxg4 fxg4 24. Nac5 Nh4 25. Ne6 Qd6 26. Nf4 Rf8
27. Rbc1 Ng6 28. Nd3 b6 29. Rc2 Rf6 30. Rfc1 Kf7 31. Nd2 h5 {D�le je partie
ne�iteln�} 1-0

[Event "POHÁR města Říčany 2022"]
[Site "Městské kulturní středisko U labutě"]
[Date "2022.09.01"]
[Round "7.24"]
[White "Bednar, Milos"]
[Black "Bartos, Vaclav"]
[Result "0-1"]
[WhiteElo "1798"]
[BlackElo "1889"]
[PlyCount "0"]
[EventDate "2022.08.27"]

1. e4 c5 2. Nf3 e6 3. d4 cxd4 4. Nxd4 Nf6 5. Nc3 Nc6 6. Bc4 Bb4 7. f3 Qb6
8. Nb5 O-O 9. Bf4 e5 10. Bg5 a6 11. Nd6 Bxd6 12. Bxf6 Qxb2 0-1

[Event "POHÁR města Říčany 2022"]
[Site "Městské kulturní středisko U labutě"]
[Date "2022.09.01"]
[Round "7.25"]
[White "Chmelik, Ladislav"]
[Black "Popov, Roman"]
[Result "0-1"]
[WhiteElo "1734"]
[BlackElo "1878"]
[PlyCount "0"]
[EventDate "2022.08.27"]

1. d4 d5 2. Nf3 Nf6 3. c4 c6 4. Nc3 dxc4 5. e4 b5 6. e5 Nd5 7. a4 e6 8. axb5
Nxc3 9. bxc3 cxb5 10. Ng5 Bb7 11. Qg4 h6 12. Ne4 Qd5 13. Nd6+ Bxd6 14. Qxg7 Qe4+
15. Be2 Rh7 16. Qg8+ Bf8 17. Ba3 Nd7 18. Bxf8 Nxf8 19. Qg3 Ng6 20. f3 Qh4
21. Kf2 Qxg3+ 22. hxg3 a6 23. Rhb1 Bc6 24. Ra5 Ne7 25. Rba1 Bb7 26. Rb1 Rb8
27. Ra2 Nd5 28. Ra3 Kd7 29. f4 Rhh8 30. Bf3 Ra8 31. g4 Rhb8 32. f5 Ne7 33. f6
Bxf3 34. Kxf3 Nc6 35. Rh1 a5 36. Ke4 b4 37. cxb4 axb4 38. Rxa8 Rxa8 39. d5 exd5+
40. Kxd5 c3 41. e6+ fxe6+ 42. Kc4 c2 43. Kb3 Nd4+ 44. Kb2 Rc8 45. f7 Ke7 46. Rf1
c1=Q+ 47. Rxc1 Rxc1 48. Kxc1 Kxf7 0-1

[Event "POHÁR města Říčany 2022"]
[Site "Městské kulturní středisko U labutě"]
[Date "2022.09.01"]
[Round "7.26"]
[White "Sadil, Antonin"]
[Black "Tejkal, Jiri"]
[Result "1/2-1/2"]
[WhiteElo "1546"]
[BlackElo "1869"]
[PlyCount "0"]
[EventDate "2022.08.27"]

1. e4 c6 2. d4 d5 3. Nd2 dxe4 4. Nxe4 Bf5 5. Ng3 Bg6 6. Nf3 Nd7 7. h4 h6 8. h5
Bh7 9. Bd3 Bxd3 10. Qxd3 Ngf6 11. c3 e6 12. Ne4 Nxe4 13. Qxe4 Nf6 14. Qc2 Qd5
15. Bd2 Qe4+ 16. Qxe4 Nxe4 17. Bf4 Rd8 18. Ne5 c5 19. f3 Nf6 20. dxc5 Bxc5
21. c4 O-O 22. g4 Bb4+ 23. Ke2 Nd7 24. Nxd7 Rxd7 25. g5 hxg5 26. Bxg5 f6 27. Be3
Kh7 28. Rag1 Rfd8 29. h6 g6 30. Rg4 Be7 31. Bxa7 g5 32. f4 Rd2+ 33. Kf3 e5
34. fxg5 f5 35. Rgg1 R8d3+ 36. Be3 f4 37. Re1 Rxb2 38. Ke4 Rxe3+ 39. Rxe3 fxe3
40. Kxe3 Rg2 41. Rb1 Rxg5 42. Rxb7 Kxh6 43. c5 Rg7 44. a4 Rg3+ 45. Ke4 Rg4+
46. Kxe5 Rxa4 47. Rb1 Rc4 1/2-1/2

[Event "POHÁR města Říčany 2022"]
[Site "Městské kulturní středisko U labutě"]
[Date "2022.09.01"]
[Round "7.27"]
[White "Pecka, Jan"]
[Black "Mrazek, Adam"]
[Result "1-0"]
[WhiteElo "1840"]
[BlackElo "1546"]
[PlyCount "0"]
[EventDate "2022.08.27"]

1. Nf3 Nf6 2. c4 g6 3. Nc3 Bg7 4. g3 O-O 5. Bg2 d6 6. O-O Nbd7 7. Rb1 e5 8. d3
Re8 9. b4 e4 10. Nd2 exd3 11. exd3 Ne5 12. Nde4 Nxe4 13. Nxe4 Bf5 14. Re1 h6
15. Bb2 Qd7 16. f4 Bxe4 17. dxe4 Nc6 18. Bxg7 Kxg7 19. Qd2 Re7 20. b5 Nd8 21. f5
Re5 22. Rf1 b6 23. Rf4 g5 24. f6+ Kh7 25. Rf5 Rxf5 26. exf5 Qxf5 27. Re1 Qc5+
28. Kh1 1-0

[Event "POHÁR města Říčany 2022"]
[Site "Městské kulturní středisko U labutě"]
[Date "2022.09.01"]
[Round "7.28"]
[White "Bara, Jan"]
[Black "Havelka, Petr"]
[Result "1/2-1/2"]
[WhiteElo "1592"]
[BlackElo "1817"]
[PlyCount "0"]
[EventDate "2022.08.27"]

1. d4 d5 2. c4 e6 3. Nc3 Nf6 4. Nf3 Be7 5. Bg5 Nbd7 6. e3 h6 7. Bh4 b6 8. cxd5
exd5 9. Bb5 O-O 10. Bc6 Rb8 11. Qb3 Ba6 12. Nxd5 Nxd5 13. Qxd5 Bxh4 14. Qxd7 Be7
15. a3 Qxd7 16. Bxd7 c5 17. d5 Bf6 18. O-O-O Be2 19. Rd2 Bxf3 20. gxf3 Rfd8
21. Bh3 Rd6 22. f4 Rbd8 23. e4 Bd4 24. Bg2 Rf6 25. f5 Be5 26. Kc2 b5 27. b3 a5
28. Bf1 Rb6 29. h4 Rc8 30. Rg1 1/2-1/2

[Event "POHÁR města Říčany 2022"]
[Site "Městské kulturní středisko U labutě"]
[Date "2022.09.01"]
[Round "7.29"]
[White "Meca, Viktor"]
[Black "Pisar, Tomas"]
[Result "1-0"]
[WhiteElo "1796"]
[BlackElo "1624"]
[PlyCount "0"]
[EventDate "2022.08.27"]

1. e4 e5 2. Nf3 Nf6 3. Nxe5 d6 4. Nf3 Nxe4 5. Nc3 Nxc3 6. dxc3 Be7 7. h3 Nc6
8. Bd3 Be6 9. O-O Qd7 10. Nd4 Nxd4 11. cxd4 d5 12. Bf4 g5 13. Be5 f6 14. Bg3
O-O-O 15. Re1 Bd6 16. Bxd6 Qxd6 17. Qf3 Bd7 18. Bf5 h5 19. g3 Rh6 20. Re3 Rdh8
21. Rae1 Kb8 22. Bxd7 Qxd7 23. Re7 Qd8 24. Qf5 g4 25. h4 b6 26. Rd7 1-0